000 00223nam a22000857a 4500
008 161111b xxu||||| |||| 00| 0 eng d
100 _91147
_aTiwari.S.K.
245 _aSocial Science Civics-8
260 _aNew Delhi
_bWow Books
_c2012
999 _c3806
_d3806